000 01069nam a2200313 a 4500
003 CO-BoRNBP
005 20241016081843.0
007 ta
008 090316r20051997ck a gr 00011dspa d
020 _a9583003956
040 _aCO-BoBLA
_bspa
_cCO-BoBLA
043 _as-ck---
082 0 4 _aCo861.5
_bP65r1
084 _aP POM1
100 1 _aPombo, Rafael,
_d1833-1912.
240 1 0 _aBogotá-Bibliografía regional
245 1 0 _aCuadernillos de Poesía :
_bRafael Pombo.
_cSelección de Poemas Carlos Nicolás Hernández ; ilustraciones interiores José Gabriel Tatis.
250 _aPrimera edición
300 _a69 p. :
_bil. ;
_c21 cm.
336 _2rdacontent
_atexto
_btxt
337 _2rdamedia
_asin mediación
_bn
338 _2rdacarrier
_avolumen
_bnc
650 7 _aPoesía colombiana.
_2BLAAUTO
_91069
650 7 _aPoesía infantil colombiana.
_2BLAAUTO
_9943
700 1 _aHernández Camacho, Carlos Nicolás,
_d1953-,
_ecomp.
_935294
700 1 _aTatis, José Gabriel,
_d1813-1884,
_eil.
_943095
942 _2ddc
_cBKLIT
949 _ac
_bc
999 _c38459
_d38459